000 00873aam a2200313 i 4500
001 768714001
003 CO-MdFUSB
005 20250430155352.0
007 ta
008 250430t1945 mx |||| |||| 00| 0 spa d
040 _cCO-MdFUSB
041 0 _aspa
082 0 4 _223
_a239.8
_bS55949b
100 1 _aShort, A. Rendle (1880-1953)
_eautor
240 _aThe bible and modern research
245 1 0 _aLa Biblia y las investigaciones modernas
_c/ A. Rendle Short
250 _aprimera edición
264 1 _bEdiciones Alba,
_aMéxico, D. F. :
_c[1945]
264 4 _c©1945
300 _a304 páginas
336 _atexto
_btxt
_2rdacontent
337 _2rdamedia
_asin mediación
_bn
338 _2rdacarrier
_avolumen
_bnc
490 _aEspíritu y Verdad,
563 _aPasta dura
650 7 _aApologética
_9187
942 _cBK
945 _aJTF-925
999 _c35329
_d35329